Statistieken voor Belarus Trivia Quiz

Klik hier om de quiz te nemen!

Algemene statistieken

  • Deze quiz is 281 keer genomen
  • De gemiddelde score is 11 van 16

Antwoordstatistieken

HintAntwoord% Correct
Officiële talenRussisch
99%
HoofdstadMinsk
97%
Land dat aan de zuidgrens van Belarus ligtOekraïne
91%
Land waaruit Belarus in 1990 onafhankelijk werdSovjet-Unie
89%
Officiële talenWit-Russisch
76%
De officiële naam van Belarus{Republiek} Belarus
70%
Vanwege het relatieve gebrek aan vrijheden, heeft Belarus de bijnaam ...De Laatste {Dictatuur} van Europa
69%
25,3% van de bevolking van Belarus kwam om tijdens dit conflict, het hoogste percentage van alle landenWOII
69%
ValutaRoebel
66%
Tak van het christendom beoefend door 48,3% van de bevolkingOosters-Orthodox
64%
Ongeveer 20% van de landbouwgrond in Belarus werd besmet door deze ramp in 1986Tsjernobyl
63%
Eerste en enige president van Belarus, 1994-hedenAleksandr Loekasjenko
59%
Op een na populairste sport na voetbalIJshockey
58%
Alfabet dat gebruikt wordt in BelarusCyrillisch
56%
Het nationale dier van Belarus is de wisent, ook wel bekend als de ...Europese {Bizon}
42%
Noem een van de drie grote rivieren die door Belarus stromenMemel | Pripjat | Dnjepr
37%

Scoreverdeling

Percentiel versus Aantal Correcte Antwoorden

Procent van Mensen met Elke Score

Uw Scoregeschiedenis

U heeft deze quiz nog niet genomen